00359nam a2200109 4500008004100000100002100041245007800062260003100140300002800171700001900199773003100218191120b ||||| |||| 00| 0 eng d aKock, Alexander  aProject organizing and its impact - A festschrift for Hans Georg Gemunden bProject Management Journal a50(4), 2019: p.395-397. aAubry, Monique aProject Management Journal